Vocabulaire Anglais - Niveau A1 - Statistiques

Statistiques générales
  • Ce quiz a été pris 964 fois
    729 depuis la dernière actualisation
  • Le résultat moyen est 24 sur 27
Statistiques - réponses
Hint Réponse % Correct
Nouveau New
99%
Voiture Car
98%
Chien Dog
98%
Noir Black
97%
Avoir Have
97%
Vieux Old
96%
Chine China
95%
Feu Fire
95%
Cheveux Hair
95%
Chaise Chair
94%
Bouteille Bottle
93%
Enfants Children
93%
Le/La The
93%
Gens People
92%
Comment How
91%
Savoir Know
90%
Cravate Tie
90%
Lunettes Glasses
89%
Bras Arm
87%
Jeu Game
87%
Dents Teeth
87%
Albanie Albania
86%
Papillon Butterfly
86%
Vin Wine
84%
Casser Break
77%
Mélanger Mix
68%
Casquette Cap
53%
Aucun quiz correspondant
Distribution des résultats
% des personnes avec chaque résultat
Percentile par nombre de réponses
Votre historique - résultats
Vous n’avez pas pris ce quiz depuis la dernière actualisation